000
00308nam a22000977a 4500
005
20250901165306.0
008
210305b ||||| |||| 00| 0 eng d
050
_a
LC4091
245
_a
Parents, getting a Head Start against drugs
_b
trainer's guide
_c
CARTER, SYLVIA
942
_2
lcc
_h
WM34 .C37 1993
999
_c
1662
_d
1662